niemiecki kartkówka - Statystyki

Ogólne statystyki
  • Ten quiz został rozwiązany 178 razy
  • Średni wynik to 12 z 36
Statystyki odpowiedzi
pytanie odpowiedź % Poprawnych
szkoła die Schule
81%
kino das Kino
71%
hotel das Hotel
65%
bank die Bank
62%
policja die Polizei
62%
park der Park
61%
kościół die Kirche
61%
poczta die Post
59%
szpital das Krankenhaus
57%
ratusz das Rathaus
56%
apteka die Apotheke
54%
restauracja das Restaurant
51%
dworzec kolejowy der Bahnhof
46%
stadion das Stadion
43%
przedszkole der Kindergarten
43%
supermarket der Supermarkt
38%
teatr das Theater
36%
pizzeria die Pizzeria
35%
muzeum das Muzeum
30%
kawiarnia das Café
27%
basen das Schwimmbad
27%
stacja benzynowa die Tankstelle
21%
fryzjer der Friseur
19%
miejsce parkingowe der Parkplatz
17%
cmentarz der Friedhof
13%
centrum handlowe das Einkaufszentrum
12%
lodziarnia die Eisdiele
10%
schronisko dla młodzieży/-owe die Jugendherberge
9%
cukiernia die Konditorei
7%
kort do tenisa der Tennisplatz
6%
klinika dla zwierząt die Tierklinik
5%
gabinet stomatologiczny die Zahnarztpraxis
3%
piekarnia die Bäckrei
2%
linia autobusowa z przystankiem Buslinie mit Haltstelle
0%
linia tramwajowa z przystankiem Straßenbahnlinie mit Haltstelle
0%
linia metra z stacją metra U-Bahnlinie mit U-Bahnstation
0%
Nie znaleziono quizów pasujących do podanych kryteriów
Rozkład punktacji
Procent ludzi z każdym wynikiem
Percentyl według liczby udzielonych odpowiedzi
Twoja historia wyników
Nie rozwiązałeś tego quizu